000
00325nam a2200145Ia 4500
005
20251222152657.0
008
251222s9999||||xx |||||||||||||| ||spa||
020
_a
8420426342
082
_a
813.52/F28
100
_a
Faulkner, Wiliam
245
0
_a
Luz de Agosto
250
_a
1ra. ed.
264
_b
Alfaguara
942
_c
LIB
999
_c
28698
_d
28698